Statistics for Green Day - Coma City Lyrics

Click here to take the quiz!

General Stats

  • This quiz has been taken 14 times
  • The average score is 130 of 170

Answer Stats

Lyrics% Correct
City
100%
Coma
100%
in
89%
on
89%
the
89%
your
89%
for
78%
It's
78%
no
78%
all
67%
and
67%
assholes
67%
call
67%
distance
67%
Don't
67%
drink
67%
eyes
67%
face
67%
gun
67%
is
67%
Like
67%
Open
67%
resistance
67%
Shooting
67%
shot
67%
skies
67%
space
67%
they
67%
to
67%
arrival
56%
at
56%
Back
56%
Children
56%
cops
56%
Dead
56%
down
56%
from
56%
hands
56%
heads
56%
lemonade
56%
mass
56%
planet
56%
play
56%
smoky
56%
Sunday
56%
their
56%
under
56%
up
56%
with
56%
Word
56%
Bankrupt
44%
Board
44%
chemist
44%
jobs
44%
Mask
44%
Pull
44%
quit
44%
shade
44%
street
44%
windows
44%

Score Distribution

Percentile by Number Answered

Percent of People with Each Score

Your Score History

You have not taken this quiz